[Event "Kronborg Chess Open 2025 GM"]
[Site "Snekkersten"]
[Date "2025.05.28"]
[Round "1"]
[White "Stefansson, Vignir Vatnar"]
[Black "Kistrup, Nicolai"]
[Result "0-1"]
[WhiteElo "2528"]
[BlackElo "2374"]
[WhiteFideId "2308649"]
[BlackFideId "1444816"]
[EventDate "2025.05.28"]
[EventType "tourn"]
[EventRounds "9"]
[EventCountry "DEN"]
[SourceTitle "Live v. Helsingor Chess on ChessCom"]

1. e4 e5 2. Nf3 Nc6 3. d4 exd4 4. Bc4 Nf6 5. e5 d5 6. Bb5 Ne4 7. Nxd4 Bd7 8. Bxc6 bxc6 9. O-O Bc5 10. f3 Ng5 11. f4 Ne4 12. Be3 Qb8 13. Qd3 Qxb2 14. Nd2 Nxd2 15. Qxd2 Qb4 16. Qf2 Bb6 17. f5 c5 18. Nb3 d4 19. Bd2 Qc4 20. Qf3 O-O 21. f6 Qe6 22. Bf4 Qg4 23. fxg7 Rfe8 24. Qf2 Bc6 25. h3 Qxg7 26. Kh2 c4 27. Nd2 d3 28. Qg3 c3 29. Nc4 Qxg3+ 30. Bxg3 d2 31. Bh4 Be4 0-1

[Event "Kronborg Chess Open 2025 GM"]
[Site "Snekkersten"]
[Date "2025.05.28"]
[Round "1"]
[White "Grieve, Harry"]
[Black "Hansen, Sune Berg"]
[Result "1/2-1/2"]
[WhiteElo "2471"]
[BlackElo "2503"]
[WhiteFideId "426520"]
[BlackFideId "1400266"]
[EventDate "2025.05.28"]
[EventType "tourn"]
[EventRounds "9"]
[EventCountry "DEN"]
[SourceTitle "Live v. Helsingor Chess on ChessCom"]

1. e4 e5 2. Nf3 Nf6 3. d4 Nxe4 4. dxe5 d5 5. Nbd2 Qd7 6. Nd4 Qe7 7. N2f3 Nd7 8. Nb5 Nb6 9. Bd3 a6 10. Nbd4 c5 11. Ne2 c4 12. Bxe4 dxe4 13. Ng5 h6 14. Nxe4 Qxe5 15. N2g3 Bd7 16. Be3 Nd5 17. Qd4 Qxd4 18. Bxd4 O-O-O 19. O-O-O Be6 20. Ne2 f6 21. f3 Be7 22. h4 h5 23. Bf2 Bf7 24. Nd4 g6 25. Rhe1 Rhe8 26. g4 hxg4 27. fxg4 Rd7 28. h5 c3 29. Bg3 cxb2+ 30. Kxb2 Nb6 31. c3 Nc4+ 32. Ka1 gxh5 33. Nf5 Rxd1+ 34. Rxd1 Ba3 35. Rd4 Rxe4 36. Rxe4 Bb2+ 37. Kb1 Nd2+ 38. Kxb2 Nxe4 39. gxh5 Bxh5 40. Nd6+ Nxd6 41. Bxd6 Kd7 42. Bb8 Ke6 43. a4 Kd5 44. Kc2 Ke4 45. Kd2 f5 46. a5 f4 47. Ba7 Be8 48. Bb6 Bb5 49. Bc7 Bc6 50. Bb6 f3 51. Ke1 Kd3 52. Kf2 Kxc3 53. Ke3 Kc2 54. Kf2 Bd5 55. Ke3 Kd1 56. Kf2 Kd2 57. Kf1 Kd3 58. Kf2 Ke4 59. Kg3 Bc6 60. Kf2 Kf4 61. Bc7+ Kg4 62. Bb6 Bd5 63. Kg1 Kg3 1/2-1/2

[Event "Kronborg Chess Open 2025 GM"]
[Site "Snekkersten"]
[Date "2025.05.28"]
[Round "1"]
[White "Pajeken, Jakob Leon"]
[Black "Ragnarsson, Dagur"]
[Result "1/2-1/2"]
[WhiteElo "2440"]
[BlackElo "2344"]
[WhiteFideId "12942839"]
[BlackFideId "2304058"]
[EventDate "2025.05.28"]
[EventType "tourn"]
[EventRounds "9"]
[EventCountry "DEN"]
[SourceTitle "Live v. Helsingor Chess on ChessCom"]

1. e4 e5 2. Nf3 Nf6 3. Nc3 Nc6 4. h3 d5 5. exd5 Nxd5 6. Bb5 Nxc3 7. bxc3 Bd6 8. d4 exd4 9. cxd4 O-O 10. O-O Bf5 11. Bg5 Ne7 12. Rb1 h6 13. Bxe7 Qxe7 14. Bd3 Bxd3 15. Qxd3 c6 16. Rfe1 Qc7 17. c4 Rfe8 18. Qb3 b6 19. Qa4 g6 20. Kf1 Bf8 21. g3 Rxe1+ 22. Rxe1 Rd8 23. Kg2 Bg7 24. Rd1 Rd6 25. Qb3 Qd8 26. d5 a6 27. a4 cxd5 28. Rxd5 Bf8 29. Qd3 Qc7 30. Ne5 Re6 31. f4 Bd6 32. Nf3 Qe7 33. Qd1 Bc7 34. Rd7 Qc5 35. Qd4 Qa3 36. Qd2 Rd6 37. Rxd6 Bxd6 38. f5 gxf5 39. Qxh6 Be7 40. Qxb6 Qa2+ 41. Qf2 Qxc4 42. Qd4 Qe2+ 43. Qf2 Qc4 44. Qe3 Qc2+ 45. Kf1 Qd1+ 46. Kg2 Qc2+ 47. Kf1 Qd1+ 48. Kg2 Qc2+ 49. Kf1 1/2-1/2

[Event "Kronborg Chess Open 2025 GM"]
[Site "Snekkersten"]
[Date "2025.05.28"]
[Round "1"]
[White "Akesson, Ralf"]
[Black "Galopoulos, Nikolaos"]
[Result "1-0"]
[WhiteElo "2353"]
[BlackElo "2419"]
[WhiteFideId "1700120"]
[BlackFideId "4208951"]
[EventDate "2025.05.28"]
[EventType "tourn"]
[EventRounds "9"]
[EventCountry "DEN"]
[SourceTitle "Live v. Helsingor Chess on ChessCom"]

1. c4 e6 2. Nf3 d5 3. d4 Nf6 4. g3 Bb4+ 5. Bd2 a5 6. Qc2 O-O 7. Bg2 c5 8. cxd5 cxd4 9. Nxd4 Qb6 10. e3 exd5 11. a3 Be7 12. O-O Nc6 13. Bc3 Bd7 14. Nd2 Rac8 15. Qb3 Qa6 16. Rfd1 a4 17. Qa2 Nxd4 18. Bxd4 Bg4 19. Rdc1 Qe2 20. Bc3 Be6 21. Re1 Qd3 22. Bf1 Qc2 23. Rac1 Rxc3 24. Rxc2 Rxc2 25. Nf3 Ne4 26. Nd4 Rd2 27. Qb1 Bf6 28. Nxe6 fxe6 29. Re2 Rc8 30. Rxd2 Nxd2 31. Qd1 Nb3 32. Qg4 Nc5 33. Bb5 Kf7 34. Qb4 e5 35. Qg4 Rd8 36. Bxa4 d4 37. exd4 Rxd4 38. Qh5+ Ke6 39. Be8 Kd5 40. b4 Nd3 41. Qf7+ 1-0

[Event "Kronborg Chess Open 2025 GM"]
[Site "Snekkersten"]
[Date "2025.05.28"]
[Round "1"]
[White "Kaasen, Tor Fredrik"]
[Black "Borge, Nikolaj"]
[Result "0-1"]
[WhiteElo "2471"]
[BlackElo "2369"]
[WhiteFideId "1516647"]
[BlackFideId "1400312"]
[EventDate "2025.05.28"]
[EventType "tourn"]
[EventRounds "9"]
[EventCountry "DEN"]
[SourceTitle "Live v. Helsingor Chess on ChessCom"]

1. e4 e5 2. Nf3 Nc6 3. Bc4 Nf6 4. d3 Bc5 5. c3 d6 6. O-O O-O 7. b4 Bb6 8. a4 a5 9. b5 Ne7 10. Nbd2 Ng6 11. Bb3 c6 12. Re1 Bg4 13. h3 Bh5 14. Nf1 Nh4 15. N1h2 Nxf3+ 16. Nxf3 Kh8 17. bxc6 bxc6 18. Ba3 g5 19. d4 g4 20. hxg4 Nxg4 21. Ra2 f5 22. exf5 Rxf5 23. Qd3 Bg6 24. Qe4 Rf4 25. Qxc6 Rc8 26. Qxd6 Rxc3 27. Nxe5 Qxd6 28. Bxd6 Rxd4 29. Nxg6+ hxg6 30. Be6 Re4 31. Bxg4 Rxe1+ 32. Kh2 Rc6 33. Ba3 Rc4 34. Be2 Rh4+ 35. Kg3 Re4 36. Kf3 Re6 37. Bb2+ Kh7 38. Bc4 Rc6 39. Bd3 Rc7 40. Kg3 Rd1 41. Be4 Rd2 42. f3 Bf2+ 43. Kf4 Bd4 44. Bxd4 Rxa2 45. Bb6 Rf7+ 46. Ke5 Rxa4 47. Ke6 Rf8 48. g4 Re8+ 49. Kd5 Ra2 50. Kc4 a4 51. Bd4 Rc8+ 52. Kd3 a3 53. f4 Rd8 54. f5 Rxd4+ 55. Kxd4 Re2 56. fxg6+ Kg7 57. Bd3 Rd2 0-1

[Event "Kronborg Chess Open 2025 GM"]
[Site "Snekkersten"]
[Date "2025.05.28"]
[Round "2"]
[White "Stefansson, Vignir Vatnar"]
[Black "Grieve, Harry"]
[Result "1-0"]
[WhiteElo "2528"]
[BlackElo "2471"]
[WhiteFideId "2308649"]
[BlackFideId "426520"]
[EventDate "2025.05.28"]
[EventType "tourn"]
[EventRounds "9"]
[EventCountry "DEN"]
[SourceTitle "Live v. Helsingor Chess on ChessCom"]

1. Nf3 d5 2. g3 Nc6 3. d4 Bf5 4. Bg2 Nb4 5. Na3 e6 6. Nh4 Bg4 7. c3 Nc6 8. Qb3 Rb8 9. e4 dxe4 10. Bxe4 Be7 11. Nc4 Bxh4 12. gxh4 Nge7 13. Rg1 Bf5 14. Bf3 O-O 15. h5 Kh8 16. h6 g6 17. Bg5 f6 18. Bd2 b5 19. Ne3 Qd6 20. O-O-O Rfe8 21. Rge1 Bd3 22. Ng4 Nd5 23. Nxf6 Nxf6 24. Bg5 Bc4 25. Bxf6+ Kg8 26. Qc2 Qf4+ 27. Re3 Qxf6 28. Bxc6 Rf8 29. Rg1 Kh8 30. b3 Bd5 31. Bxd5 exd5 32. Re2 b4 33. Rg3 a5 34. Kb1 a4 35. cxb4 Rxb4 36. Qxc7 Rxd4 37. Rf3 Rd1+ 38. Kc2 Rc1+ 39. Kxc1 Qa1+ 40. Kd2 Qxa2+ 41. Qc2 1-0

[Event "Kronborg Chess Open 2025 GM"]
[Site "Snekkersten"]
[Date "2025.05.28"]
[Round "2"]
[White "Hansen, Sune Berg"]
[Black "Pajeken, Jakob Leon"]
[Result "1-0"]
[WhiteElo "2503"]
[BlackElo "2440"]
[WhiteFideId "1400266"]
[BlackFideId "12942839"]
[EventDate "2025.05.28"]
[EventType "tourn"]
[EventRounds "9"]
[EventCountry "DEN"]
[SourceTitle "Live v. Helsingor Chess on ChessCom"]

1. d4 Nf6 2. Nf3 e6 3. Bf4 h6 4. h3 c5 5. e3 Nc6 6. a3 d5 7. Nc3 Be7 8. dxc5 Bxc5 9. Bd3 O-O 10. O-O Qe7 11. e4 d4 12. Ne2 e5 13. Bd2 Be6 14. Ng3 Qd7 15. b4 Bd6 16. Nh4 Ne7 17. Qf3 Nh7 18. Nhf5 Kh8 19. c4 dxc3 20. Bxc3 Ng5 21. Qe3 Bxf5 22. Nxf5 Nxf5 23. exf5 Rac8 24. Bb2 Qe7 25. Rfe1 Rfd8 26. Rad1 e4 27. Bb1 Be5 28. Bxe5 Rxd1 29. Rxd1 Qxe5 30. f4 Rc3 31. Qe1 Qxf4 32. Qxc3 e3 33. Qc8+ Kh7 34. f6+ g6 35. Rf1 Qd4 36. Qg4 Qd2 37. Qd1 Qb2 38. Bxg6+ 1-0

[Event "Kronborg Chess Open 2025 GM"]
[Site "Snekkersten"]
[Date "2025.05.28"]
[Round "2"]
[White "Ragnarsson, Dagur"]
[Black "Akesson, Ralf"]
[Result "1-0"]
[WhiteElo "2344"]
[BlackElo "2353"]
[WhiteFideId "2304058"]
[BlackFideId "1700120"]
[EventDate "2025.05.28"]
[EventType "tourn"]
[EventRounds "9"]
[EventCountry "DEN"]
[SourceTitle "Live v. Helsingor Chess on ChessCom"]

1. e4 c6 2. d4 d5 3. exd5 cxd5 4. Bd3 Nc6 5. c3 Nf6 6. h3 Qc7 7. Nf3 e6 8. O-O Bd6 9. Re1 O-O 10. Qe2 Nd7 11. Be3 Re8 12. Nbd2 Nf8 13. Rac1 Bd7 14. Bb1 Rac8 15. a3 a6 16. c4 dxc4 17. Nxc4 Ne7 18. Nce5 Bc6 19. Be4 Bxe5 20. Nxe5 Qd6 21. Qf3 f6 22. Nxc6 Nxc6 23. Rc4 Ng6 24. Rec1 Nge7 25. Qh5 f5 26. Bf3 Qd7 27. Qh4 Nd5 28. Rc5 b6 29. R5c4 Nce7 30. Bg5 Rxc4 31. Rxc4 Qb5 32. Rc2 Qd3 33. Rd2 Qb1+ 34. Kh2 h6 35. Bxe7 Nxe7 36. Re2 Ng6 37. Qg3 Nf8 38. Qc7 Qd3 39. Qxb6 Qc4 40. Qc5 Qb3 41. Qc3 Qb8+ 42. g3 Rd8 43. d5 exd5 44. Re7 1-0

[Event "Kronborg Chess Open 2025 GM"]
[Site "Snekkersten"]
[Date "2025.05.28"]
[Round "2"]
[White "Galopoulos, Nikolaos"]
[Black "Kaasen, Tor Fredrik"]
[Result "1/2-1/2"]
[WhiteElo "2419"]
[BlackElo "2471"]
[WhiteFideId "4208951"]
[BlackFideId "1516647"]
[EventDate "2025.05.28"]
[EventType "tourn"]
[EventRounds "9"]
[EventCountry "DEN"]
[SourceTitle "Live v. Helsingor Chess on ChessCom"]

1. d4 Nf6 2. c4 g6 3. Nc3 Bg7 4. e4 d6 5. Bd3 O-O 6. Nge2 Nc6 7. O-O Nd7 8. Bc2 e5 9. d5 Nd4 10. Nxd4 exd4 11. Ne2 Ne5 12. Nxd4 Nxc4 13. b3 Ne5 14. Bb2 c5 15. dxc6 bxc6 16. h3 Qb6 17. Rb1 Ba6 18. Re1 Rfe8 19. Bc3 Rad8 20. Qd2 Qb7 21. f4 c5 22. Ne2 Nc6 23. Bxg7 Kxg7 24. Bd3 Bxd3 25. Qxd3 Qb4 26. Nc3 Qd4+ 27. Qxd4+ Nxd4 28. Kf2 f6 29. Nd5 Nc2 30. Re2 Nd4 31. Ree1 Nc2 32. Re2 Nd4 1/2-1/2

[Event "Kronborg Chess Open 2025 GM"]
[Site "Snekkersten"]
[Date "2025.05.28"]
[Round "2"]
[White "Kistrup, Nicolai"]
[Black "Borge, Nikolaj"]
[Result "1/2-1/2"]
[WhiteElo "2374"]
[BlackElo "2369"]
[WhiteFideId "1444816"]
[BlackFideId "1400312"]
[EventDate "2025.05.28"]
[EventType "tourn"]
[EventRounds "9"]
[EventCountry "DEN"]
[SourceTitle "Live v. Helsingor Chess on ChessCom"]

1. c4 e5 2. Nc3 Bb4 3. Nd5 a5 4. a3 Be7 5. Nf3 e4 6. Nd4 Nf6 7. d3 exd3 8. Qxd3 Nxd5 9. cxd5 O-O 10. g3 Bc5 11. b3 c6 12. Bb2 cxd5 13. Nf5 d4 14. Rc1 b6 15. Bxd4 Bxa3 16. Bxg7 Bxc1 17. Qc3 d5 18. Bxf8 Qxf8 19. Qxc8 Qxc8 20. Ne7+ Kf8 21. Nxc8 Nd7 22. Bh3 Rxc8 23. Bxd7 Rc3 24. O-O Bb2 25. Ba4 Ke7 26. Rb1 Ba3 27. Bb5 Kd6 28. Kf1 Kc5 29. Be8 f6 30. Bf7 b5 31. Ke1 Rc2 32. Kd1 Ra2 33. h4 Bb2 34. e4 Bc3 35. Bxd5 Rd2+ 36. Kc1 Rxf2 37. Kd1 Rd2+ 38. Kc1 Kd4 39. Bc6 b4 40. Ra1 Kc5 41. Bd5 Kb6 42. Ra4 Rg2 43. Kd1 h6 44. h5 Rxg3 45. Ke2 Bd4 46. Kd2 Be5 47. Ke2 Bd4 48. Kd2 Bb2 49. Ke2 Ba3 50. Kf2 Rc3 51. Ke2 Rc5 52. Kf3 f5 53. Kf4 fxe4 54. Kxe4 Kc7 55. Bf7 Kd6 56. Kd4 Bb2+ 57. Ke4 Re5+ 58. Kd3 Rf5 59. Bg6 Rd5+ 60. Ke4 Rc5 61. Ra2 Bc1 62. Rf2 a4 63. bxa4 b3 64. Kd4 Bg5 65. Rf5 Rxf5 1/2-1/2

[Event "Kronborg Chess Open 2025 GM"]
[Site "Snekkersten"]
[Date "2025.05.29"]
[Round "3"]
[White "Pajeken, Jakob Leon"]
[Black "Stefansson, Vignir Vatnar"]
[Result "1/2-1/2"]
[WhiteElo "2440"]
[BlackElo "2528"]
[WhiteFideId "12942839"]
[BlackFideId "2308649"]
[EventDate "2025.05.28"]
[EventType "tourn"]
[EventRounds "9"]
[EventCountry "DEN"]
[SourceTitle "Live v. Helsingor Chess on ChessCom"]

1. e4 d6 2. d4 Nf6 3. Nc3 e5 4. Nge2 c6 5. a4 Be7 6. g3 exd4 7. Qxd4 d5 8. exd5 cxd5 9. Bg2 Nc6 10. Qd1 d4 11. Nb5 Bc5 12. O-O O-O 13. c3 d3 14. Nf4 Bf5 15. Be3 Bxe3 16. fxe3 Qb6 17. Nd4 Nxd4 18. exd4 Qa6 19. Qb3 Be4 20. Rad1 Bxg2 21. Kxg2 Ng4 22. Rxd3 Rae8 23. c4 g5 24. h3 gxf4 25. hxg4 Re2+ 26. Rf2 Rxf2+ 27. Kxf2 fxg3+ 28. Kxg3 Qd6+ 29. Kg2 Re8 30. Re3 Rxe3 31. Qxe3 Qc6+ 32. Kg3 Qxc4 33. Qg5+ Kf8 34. Qd8+ Kg7 35. Qg5+ Kf8 36. Qd8+ 1/2-1/2

[Event "Kronborg Chess Open 2025 GM"]
[Site "Snekkersten"]
[Date "2025.05.29"]
[Round "3"]
[White "Grieve, Harry"]
[Black "Kistrup, Nicolai"]
[Result "1-0"]
[WhiteElo "2471"]
[BlackElo "2374"]
[WhiteFideId "426520"]
[BlackFideId "1444816"]
[EventDate "2025.05.28"]
[EventType "tourn"]
[EventRounds "9"]
[EventCountry "DEN"]
[SourceTitle "Live v. Helsingor Chess on ChessCom"]

1. e4 e5 2. Nf3 Nf6 3. d4 Nxe4 4. dxe5 d5 5. Nbd2 Qd7 6. Nd4 Qe7 7. N2f3 Nd7 8. Nb5 Nb6 9. Bd3 a6 10. Nbd4 c5 11. Ne2 Bg4 12. Ng3 Nxg3 13. hxg3 Qe6 14. O-O Be7 15. Be2 O-O 16. Re1 Bf5 17. c3 Rad8 18. a4 d4 19. cxd4 cxd4 20. Bd3 Bb4 21. Bd2 Bxd2 22. Bxf5 Qxf5 23. Qxd2 d3 24. Qb4 Nd5 25. Qxb7 a5 26. Nd4 Qd7 27. Qxd7 Rxd7 28. Nc6 Rc8 29. Nxa5 Ra7 30. Nb3 Rc2 31. Red1 Nb4 32. Rd2 Kf8 33. a5 Nc6 34. f4 Rxd2 35. Nxd2 Rxa5 36. Rxa5 Nxa5 37. Kf2 Ke7 38. Ke3 Ke6 39. Kxd3 Kd5 40. Nf1 Kc5 41. Ne3 g6 42. g4 h6 43. f5 Nb3 44. e6 1-0

[Event "Kronborg Chess Open 2025 GM"]
[Site "Snekkersten"]
[Date "2025.05.29"]
[Round "3"]
[White "Akesson, Ralf"]
[Black "Hansen, Sune Berg"]
[Result "1/2-1/2"]
[WhiteElo "2353"]
[BlackElo "2503"]
[WhiteFideId "1700120"]
[BlackFideId "1400266"]
[EventDate "2025.05.28"]
[EventType "tourn"]
[EventRounds "9"]
[EventCountry "DEN"]
[SourceTitle "Live v. Helsingor Chess on ChessCom"]

1. c4 c5 2. Nf3 g6 3. d4 cxd4 4. Nxd4 Bg7 5. e4 Nc6 6. Be3 Qb6 7. Nb3 Qd8 8. Qd2 Nf6 9. f3 a5 10. Nc3 a4 11. Nd4 O-O 12. Ndb5 d6 13. Rc1 Qa5 14. Nd5 Qxd2+ 15. Kxd2 Nd7 16. Kc2 Nc5 17. Be2 f5 18. Nb6 Nb4+ 19. Kb1 fxe4 20. fxe4 Nxe4 21. a3 Bf5 22. Ka1 Na6 23. Nxa8 Rxa8 24. Nd4 Bd7 1/2-1/2

[Event "Kronborg Chess Open 2025 GM"]
[Site "Snekkersten"]
[Date "2025.05.29"]
[Round "3"]
[White "Kaasen, Tor Fredrik"]
[Black "Ragnarsson, Dagur"]
[Result "1-0"]
[WhiteElo "2471"]
[BlackElo "2344"]
[WhiteFideId "1516647"]
[BlackFideId "2304058"]
[EventDate "2025.05.28"]
[EventType "tourn"]
[EventRounds "9"]
[EventCountry "DEN"]
[SourceTitle "Live v. Helsingor Chess on ChessCom"]

1. d4 d5 2. c4 e6 3. Nf3 Nf6 4. g3 Bb4+ 5. Bd2 Be7 6. Bg2 O-O 7. O-O Nbd7 8. b4 Ne4 9. Qb3 c6 10. a4 dxc4 11. Qxc4 e5 12. Be3 Nb6 13. Qc2 Bf5 14. g4 Bg6 15. Nxe5 Nf6 16. Qb3 Nbd5 17. b5 Nxe3 18. Qxe3 Bd6 19. h3 Rc8 20. Nxg6 hxg6 21. Nc3 Re8 22. Qd3 Bb8 23. bxc6 bxc6 24. f4 c5 25. d5 c4 26. Qd2 Qb6+ 27. Kh1 g5 28. Rab1 Qe3 29. Qxe3 Rxe3 30. fxg5 Rxc3 31. gxf6 g5 32. Rf5 Bf4 33. d6 Rd8 34. h4 Rg3 35. hxg5 Rxg4 36. Bf3 Rh4+ 37. Kg2 c3 38. Rc5 c2 39. Rxc2 Bxg5 40. Rb7 Rxd6 41. Rc8+ Kh7 42. Rxf7+ Kg6 43. Rxa7 Bxf6 44. Kg3 Rb4 45. Rg8+ Kf5 46. Rf8 Kg6 47. a5 Ra4 48. Bg4 1-0

[Event "Kronborg Chess Open 2025 GM"]
[Site "Snekkersten"]
[Date "2025.05.29"]
[Round "3"]
[White "Borge, Nikolaj"]
[Black "Galopoulos, Nikolaos"]
[Result "0-1"]
[WhiteElo "2369"]
[BlackElo "2419"]
[WhiteFideId "1400312"]
[BlackFideId "4208951"]
[EventDate "2025.05.28"]
[EventType "tourn"]
[EventRounds "9"]
[EventCountry "DEN"]
[SourceTitle "Live v. Helsingor Chess on ChessCom"]

1. e4 c5 2. Nf3 d6 3. d4 cxd4 4. Nxd4 Nf6 5. Nc3 a6 6. Bc4 e6 7. a3 Be7 8. Be3 O-O 9. Qe2 b5 10. Ba2 Bb7 11. O-O-O Nbd7 12. h4 Rc8 13. h5 Rxc3 14. bxc3 Nxe4 15. Nxe6 Qa5 16. Bd4 Qxa3+ 17. Kb1 Bf6 18. Rh3 fxe6 19. h6 Bxd4 20. Rxd4 Ndc5 21. Bxe6+ Nxe6 22. Rxe4 Rxf2 23. Qxf2 Bxe4 24. hxg7 Qc5 25. Qh4 Bg6 26. Qe7 Qf5 27. Ka1 Qf7 28. Qxd6 Nxg7 29. Rf3 Qe8 30. Qxa6 Qe1+ 31. Kb2 Qe4 32. Rf2 b4 33. Re2 bxc3+ 34. Kxc3 Qf5 35. Qa2+ Qf7 36. Qxf7+ Kxf7 37. Kd4 Kf6 38. Kc5 h5 39. c4 Bd3 40. Re3 Bf5 41. Kb6 Ne6 42. c5 Nf4 43. Rf3 Ke5 44. c6 Be4 45. Rg3 Kd6 46. Rg5 Bxc6 47. g3 Nd5+ 48. Ka5 Nf6 49. Kb4 Bf3 50. Rf5 Nd5+ 51. Kb3 Bd1+ 52. Kb2 Bg4 53. Rf2 Ne3 54. Kc1 Nf5 55. Rg2 Ke5 56. Kd2 Ke4 57. Rf2 Nxg3 58. Ke1 h4 59. Rh2 h3 60. Kf2 Kf4 61. Kg1 Ne4 62. Rb2 Kg3 63. Rg2+ Kf4 64. Rb2 Ng5 65. Kh2 Bf5 66. Rb4+ Be4 67. Ra4 Kg4 68. Ra1 Nf3+ 69. Kh1 Kg3 70. Ra3 Bb7 71. Rc3 Ba6 72. Rc1 Be2 73. Ra1 Ne5 74. Rg1+ Kf2 0-1

[Event "Kronborg Chess Open 2025 GM"]
[Site "Snekkersten"]
[Date "2025.05.29"]
[Round "4"]
[White "Stefansson, Vignir Vatnar"]
[Black "Akesson, Ralf"]
[Result "1-0"]
[WhiteElo "2528"]
[BlackElo "2353"]
[WhiteFideId "2308649"]
[BlackFideId "1700120"]
[EventDate "2025.05.28"]
[EventType "tourn"]
[EventRounds "9"]
[EventCountry "DEN"]
[SourceTitle "Live v. Helsingor Chess on ChessCom"]

1. d4 Nf6 2. c4 e6 3. g3 d5 4. Bg2 Bb4+ 5. Nd2 O-O 6. Ngf3 Nbd7 7. O-O c6 8. Qc2 b6 9. a3 Be7 10. e4 Bb7 11. e5 Ne8 12. cxd5 cxd5 13. Re1 Rc8 14. Qd1 Qc7 15. Nb1 a5 16. Bf1 Nb8 17. Nc3 Ba6 18. Bxa6 Nxa6 19. h4 Qd7 20. Qd3 Nac7 21. Ng5 g6 22. Kg2 Ng7 23. h5 Qd8 24. Nxh7 Kxh7 25. hxg6+ Kg8 26. Rh1 Nf5 27. Bh6 fxg6 28. Bxf8 Bxf8 29. Ne2 Bg7 30. Rac1 Qd7 31. g4 Ne7 32. Nf4 Qe8 33. Qh3 Kf7 34. Rc3 Nb5 35. Rd3 Qg8 36. Qe3 Na7 37. Qe2 Ke8 38. Rdd1 Nac6 39. Qb5 Kf7 40. Rh3 g5 41. Nh5 Ng6 42. Rf3+ Ke7 43. Rc3 Nh4+ 44. Kf1 Nxd4 45. Qxb6 Rxc3 46. Qb7+ Kf8 47. bxc3 Ndf3 48. Rxd5 1-0

[Event "Kronborg Chess Open 2025 GM"]
[Site "Snekkersten"]
[Date "2025.05.29"]
[Round "4"]
[White "Grieve, Harry"]
[Black "Pajeken, Jakob Leon"]
[Result "0-1"]
[WhiteElo "2471"]
[BlackElo "2440"]
[WhiteFideId "426520"]
[BlackFideId "12942839"]
[EventDate "2025.05.28"]
[EventType "tourn"]
[EventRounds "9"]
[EventCountry "DEN"]
[SourceTitle "Live v. Helsingor Chess on ChessCom"]

1. e4 c5 2. Nf3 e6 3. d4 cxd4 4. Nxd4 a6 5. a3 b5 6. Nd2 Bb7 7. Bd3 Qc7 8. b4 Ne7 9. Bb2 Nbc6 10. N4b3 Ng6 11. Rc1 Nce5 12. Na5 Bd6 13. g3 O-O 14. Qe2 Rac8 15. c4 Ba8 16. O-O Nxd3 17. Qxd3 Qb8 18. cxb5 axb5 19. Nab3 Be5 20. Bxe5 Nxe5 21. Qe2 Qb6 22. Nc5 d6 23. Nd3 Nc6 24. Nb3 Qb7 25. Rfe1 e5 26. Qe3 f5 27. f3 Qf7 28. Rb1 Qg6 29. Rbc1 f4 30. Qf2 fxg3 31. hxg3 Qf7 32. Nd2 Nd4 33. Rxc8 Rxc8 34. Rc1 Rf8 35. Ne1 Qa2 36. Qe3 Qf7 37. Rc3 Qg6 38. Kg2 h5 39. Kh2 Qf6 40. Ng2 d5 41. exd5 Bxd5 42. Rc5 Rd8 43. Rc3 Nf5 44. Ne4 Nxe3 45. Nxf6+ gxf6 46. Rxe3 Bc4 47. g4 hxg4 48. fxg4 Kf7 49. Kg3 Be6 50. Rc3 Rg8 51. Ne3 f5 52. Kf3 f4 53. Nf5 Bxf5 54. Rc7+ Kf6 55. gxf5 Kxf5 56. Rf7+ Ke6 57. Rb7 Rg3+ 58. Kf2 Rxa3 59. Rxb5 Kf5 60. Rc5 Ke4 61. b5 Ra2+ 62. Kf1 Rb2 0-1

[Event "Kronborg Chess Open 2025 GM"]
[Site "Snekkersten"]
[Date "2025.05.29"]
[Round "4"]
[White "Hansen, Sune Berg"]
[Black "Kaasen, Tor Fredrik"]
[Result "1-0"]
[WhiteElo "2503"]
[BlackElo "2471"]
[WhiteFideId "1400266"]
[BlackFideId "1516647"]
[EventDate "2025.05.28"]
[EventType "tourn"]
[EventRounds "9"]
[EventCountry "DEN"]
[SourceTitle "Live v. Helsingor Chess on ChessCom"]

1. e4 c5 2. Nf3 d6 3. d4 cxd4 4. Qxd4 Nf6 5. Nc3 Nc6 6. Qd3 g6 7. Be2 Bg7 8. Nd5 O-O 9. c3 Nd7 10. O-O Nc5 11. Qc2 e6 12. Ne3 f5 13. exf5 gxf5 14. Rd1 Qe7 15. Nf1 d5 16. Bg5 Qf7 17. Be3 Qe7 18. Ng3 Ne4 19. Nh5 Rd8 20. Nxg7 Qxg7 21. Bd4 Qc7 22. Qc1 Rf8 23. Bb5 a6 24. Bxc6 bxc6 25. b4 f4 26. Be5 Qf7 27. c4 Bd7 28. Rb1 Be8 29. Ba1 h6 30. Ne5 Qh7 31. Rb3 Rf5 32. Re1 Rd8 33. f3 Qa7+ 34. c5 Nf6 35. Nd3 Nh5 36. Rxe6 Qh7 37. Qe1 Bd7 38. Re7 Rf7 39. Re2 Bf5 40. Ne5 d4 41. Nxc6 d3 42. Nxd8 dxe2 43. Nxf7 Qxf7 44. Qxe2 Qd5 45. Ra3 1-0

[Event "Kronborg Chess Open 2025 GM"]
[Site "Snekkersten"]
[Date "2025.05.29"]
[Round "4"]
[White "Ragnarsson, Dagur"]
[Black "Borge, Nikolaj"]
[Result "1/2-1/2"]
[WhiteElo "2344"]
[BlackElo "2369"]
[WhiteFideId "2304058"]
[BlackFideId "1400312"]
[EventDate "2025.05.28"]
[EventType "tourn"]
[EventRounds "9"]
[EventCountry "DEN"]
[SourceTitle "Live v. Helsingor Chess on ChessCom"]

1. d4 d5 2. Nf3 Nf6 3. e3 e6 4. Bd3 c5 5. c3 Nbd7 6. O-O b6 7. Nbd2 Bb7 8. Ne5 Nxe5 9. dxe5 Nd7 10. f4 Qc7 11. Qe2 O-O-O 12. c4 g5 13. Nf3 Be7 14. e4 dxe4 15. Bxe4 Bxe4 16. Qxe4 g4 17. Ne1 Nb8 18. Nc2 h5 19. Be3 Qc6 20. Qxc6+ Nxc6 21. Rad1 f6 22. exf6 Bxf6 23. b3 Ne7 24. Kf2 Nf5 25. Ke2 Bc3 26. Bf2 e5 27. fxe5 Bxe5 28. Rxd8+ Kxd8 29. Bxc5 Nh4 30. Bd4 Bxd4 31. Nxd4 Nxg2 32. Rf7 Re8+ 33. Kf2 Re4 34. Ne2 h4 35. Nc3 Rf4+ 36. Rxf4 Nxf4 37. Nd1 Kd7 38. Ne3 Nd3+ 39. Ke2 Nc1+ 40. Kd2 g3 41. h3 Nxa2 42. Ng2 Ke6 43. Nxh4 Ke5 44. Ke3 a5 45. Nf3+ Kf5 46. Nd4+ Kg5 47. Nf3+ Kh5 48. Kd2 g2 49. Kc2 Nb4+ 50. Kd2 Nc6 51. Ke3 Ne5 52. Ng1 a4 53. bxa4 Nxc4+ 54. Kf2 Nb2 55. Kxg2 Nxa4 1/2-1/2

[Event "Kronborg Chess Open 2025 GM"]
[Site "Snekkersten"]
[Date "2025.05.29"]
[Round "4"]
[White "Kistrup, Nicolai"]
[Black "Galopoulos, Nikolaos"]
[Result "0-1"]
[WhiteElo "2374"]
[BlackElo "2419"]
[WhiteFideId "1444816"]
[BlackFideId "4208951"]
[EventDate "2025.05.28"]
[EventType "tourn"]
[EventRounds "9"]
[EventCountry "DEN"]
[SourceTitle "Live v. Helsingor Chess on ChessCom"]

1. c4 e6 2. g3 d5 3. Bg2 Nf6 4. Nf3 d4 5. O-O c5 6. e3 Nc6 7. d3 Be7 8. exd4 cxd4 9. Re1 Nd7 10. Na3 e5 11. Nc2 a5 12. Rb1 O-O 13. a3 a4 14. Bd2 f6 15. Nh4 Nc5 16. Bd5+ Kh8 17. Nb4 g5 18. Ng2 Qd6 19. f4 Bf5 20. Qe2 gxf4 21. gxf4 Rg8 22. Kh1 Bg4 23. Bf3 Bd7 24. Nxc6 Bxc6 25. Bb4 Rae8 26. Nh4 e4 27. Bxe4 Nxe4 28. dxe4 Qxf4 29. Ng2 Qe5 30. Bd2 Bc5 31. Bf4 Qxe4 0-1